Značka zamestnávateľa a aktívny prístup k budovaniu hodnoty pre zamestnanca diplomová práca

Guardado en:
Detalles Bibliográficos
Autor principal: Husak, Myroslava
Autor Corporativo: Fakulta podnikového manažmentu EU. Katedra manažmentu
Otros Autores: Ďurišová, Soňa, 1983-
Formato: Libro
Lenguaje:eslovaco
Publicado: Bratislava 2025
Etiquetas: Agregar Etiqueta
Sin Etiquetas, Sea el primero en etiquetar este registro!

MARC

LEADER 00000nbm a2200000 4500
001 0309746
005 20251217135259.7
041 0 |a slo 
044 |a SK 
245 1 0 |a Značka zamestnávateľa a aktívny prístup k budovaniu hodnoty pre zamestnanca  |b diplomová práca  |c Myroslava Husak ; školiteľ: Soňa Ďurišová 
264 1 |a Bratislava  |c 2025 
300 |a 109 s. 
100 1 |a Husak, Myroslava 
700 1 |a Ďurišová, Soňa, 1983- 
710 2 |a Fakulta podnikového manažmentu EU. Katedra manažmentu